Escribir rápido 30 números - Estadísticas

Estadísticas generales
  • Esta prueba ha sido intentada 195 veces
  • La puntuación promedio es 25 de 30
Estadísticas de respuestas
Hint Respuesta % Correcto
1 1
99%
2 2
97%
3 3
96%
4 4
96%
5 5
96%
6 6
96%
8 8
96%
9 9
96%
12 12
91%
7 7
91%
10 10
90%
11 11
87%
13 13
87%
14 14
87%
15 15
86%
16 16
84%
17 17
83%
18 18
83%
20 20
83%
19 19
81%
23 23
80%
22 22
79%
21 21
77%
24 24
76%
25 25
74%
26 26
71%
27 27
71%
28 28
69%
29 29
67%
30
67%
No se encontraron pruebas coincidentes
Distribución de puntuación
Porcentaje de gente con cada puntuación
Porcentaje por número respondido
Historial de tus puntuaciones
No has intentado esta prueba.